| 000 | 00393nam a22001457a 4500 | ||
|---|---|---|---|
| 003 | OSt | ||
| 005 | 20251021102031.0 | ||
| 008 | 251021b |||||||| |||| 00| 0 eng d | ||
| 020 | _a9789966364471 | ||
| 040 | _cLONGHORN PUBLISHERS LTD | ||
| 050 | _aPL 8704 .A64 2009 | ||
| 245 |
_aKIJIBA CHA MOYO _cAREGE, M TIMOTHY |
||
| 260 |
_aNAIROBI, KENYA _bSASA SEMA PUBLICATIONS _c2009 |
||
| 942 |
_2lcc _cBK _n0 |
||
| 999 |
_c9673 _d9673 |
||